LEADER 01536nam a2200337 a 4500 001 000000174035 003 CaOOAMICUS 005 20201214163553.0 008 201214s2019 it u000 u ita r 020 $a978-88-7229-761-2* 032 $aLibriCat 040 $aPUL$bita 082 04$a261.8 245 00$aVi ho chiamato amici (Gv 15,15) : $bla spiritualità dell'amicizia con Dio e con gli uomini / $cChristof Betschart ... [et al.]. 260 $aRoma :$bOCD,$c©2019$aRoma :$bPontificio Istituto di spiritualità del Teresianum 300 $a133 p. ;$c21 cm 490 1 $aFiamma viva ;$v60 504 $aBibliografia in nota. 650 4$aCatechesi.$0(OLS)http://pul/subject/4492 650 4$aAmicizia (Teologia).$0(OLS)http://pul/subject/40883 700 1 $aBetschart, Christof.$0(OLS)http://pul/name/91037 830 0$aFiamma viva ;$v60.$0(OLS)http://pul/title/9163 850 $aPUL 852 $aPUL$W1$xSL Religione 3$y85$m241. 5 PISPT 1$j198308$qDDC 21$B202924$CPULBib$Z2$F202924 $H134617 $82 941 1 $a9 996 $6020$a978-88-7229-761-2*$9(OLS)http://pul/number/167915 996 $6082$a261.8$9(OLS)http://pul/classification/367 996 $6245$aVi ho chiamato amici (Gv 15,15) : $bla spiritualità dell'amicizia con Dio e con gli uomini / $9(OLS)http://pul/title/215261 996 $6260$aRoma :$bOCD$9(OLS)http://pul/publisher/75548 996 $6260$aRoma :$bPontificio Istituto di spiritualità del Teresianum$9(OLS)http://pul/publisher/69436 LEADER 01377nam a2200337 a 4500 001 000000171366 003 CaOOAMICUS 005 20190122130055.0 008 190122s2019 it u000 u ita r 020 $a978-88-28-80588-5* 032 $aLibriCat 040 $aPUL$bita 082 $a348.45 245 10$aCodice civile /$cdiretto da Fabrizio Di Marzio ; commentato e aggiornato in dejure con Francesco Agnino ... [et al.]. 250 $aEd. integrale online. 260 $aMilano :$bGiuffrè,$c2019. 300 $aXXXV, 3976 p.;$c25 cm 490 1 $aI codici commentati 500 $aTesto su due colonne. 650 4$aDiritto civile$zItalia.$0(OLS)http://pul/subject/3770 700 1 $aAgnino, Francesco.$0(OLS)http://pul/name/97424 700 1 $aDi Marzio, Fabrizio,$d1965-$0(OLS)http://pul/name/69476 830 2$aI codici commentati (Giuffrè).$0(OLS)http://pul/title/192430 850 $aPUL 852 $aPUL$W1$xSL Diritto e Scienze Sociali 3$y79$m348. 45 COD 5.42$j195058$qDDC 21$B199958$CPULBib$Z2$F199958 $H132152 $81 941 1 $a9 996 $6020$a978-88-28-80588-5*$9(OLS)http://pul/number/165630 996 $6082$a348.45$9(OLS)http://pul/classification/373 996 $6245$aCodice civile$9(OLS)http://pul/title/173290 996 $6260$aMilano :$bGiuffrè$9(OLS)http://pul/publisher/48401